[Event "Miquel Mas op 17th"]
[Site "Castell de Sant Ferran"]
[Date "2016.08.16"]
[Round "7"]
[White "Salleras Mercader, Josep M"]
[Black "Prats Rodriguez, Juan Bosco"]
[Result "1/2-1/2"]
[WhiteElo "1640"]
[BlackElo "1952"]
[PlyCount "51"]
[EventDate "2016.08.11"]
[EventType "swiss"]
[EventRounds "9"]
[EventCountry "ESP"]
[SourceTitle "CBM 173 Extra"]
[Source "ChessBase"]
[SourceDate "2016.08.29"]
[SourceVersion "1"]
[SourceVersionDate "2016.08.29"]
[SourceQuality "1"]

1. e4 d5 2. exd5 Qxd5 3. Nc3 Qd8 4. d4 g6 5. h3 Bg7 6. Nf3 Nf6 7. Bb5+ Bd7 8. Bxd7+ Nbxd7 9. 0-0 0-0 10. Bf4 c6 11. Ne2 Qb6 12. Qc1 c5 13. c3 cxd4 14. Nexd4 Nd5 15. Nb3 e5 16. Bh6 Rfd8 17. Bxg7 Kxg7 18. Re1 f6 19. h4 a5 20. Nbd2 Nf4 21. Qc2 Nc5 22. Nc4 Qe6 23. Ne3 Ncd3 24. Red1 Qc6 25. Ne1 Nc5 26. Nf3 1/2-1/2

[Event "Figueres op-B 15th"]
[Site "Figueres"]
[Date "2014.08.14"]
[Round "4.4"]
[White "Salleras Mercader, Josep M"]
[Black "Lazaro Porta, Angel"]
[Result "0-1"]
[WhiteElo "1547"]
[BlackElo "1922"]
[PlyCount "118"]
[EventDate "2014.08.11"]
[EventType "swiss"]
[EventRounds "9"]
[EventCountry "ESP"]
[SourceTitle "EXT 2024"]
[Source "ChessBase"]
[SourceDate "2023.10.10"]
[SourceVersion "1"]
[SourceVersionDate "2023.10.10"]
[SourceQuality "1"]

1. e4 e5 2. Nf3 Nf6 3. d4 Nxe4 4. Bd3 d5 5. Nxe5 Nd7 6. Bxe4 dxe4 7. 0-0 Bd6 8. Nxd7 Bxd7 9. Nc3 0-0 10. Qh5 f5 11. Bg5 Qe8 12. Qxe8 Raxe8 13. f3 h6 14. Bc1 e3 15. Re1 f4 16. Ne4 Be7 17. b3 Bf5 18. c3 b6 19. Bxe3 fxe3 20. Rxe3 Bg5 21. Ree1 Bh4 22. g3 Bd8 23. Kg2 Re7 24. Nd2 Rfe8 25. Kf2 Rxe1 26. Rxe1 Rxe1 27. Kxe1 Be7 28. Ke2 Kf7 29. Ke3 Bg5+ 30. f4 Bf6 31. Ne4 Bxe4 32. Kxe4 c5 33. dxc5 bxc5 34. c4 Ke6 35. g4 Bh4 36. Kd3 g5 37. f5+ Ke5 38. Ke2 a5 39. Kf1 h5 40. gxh5 Kxf5 41. Ke2 g4 42. h6 Kg6 43. h7 Kxh7 44. Ke3 Bg5+ 45. Kf2 Kg6 46. h3 Bh4+ 47. Kg2 g3 48. Kf3 Kf5 49. Kg2 Kf4 50. a4 Ke3 51. b4 cxb4 52. c5 b3 53. c6 Bd8 54. Kxg3 b2 55. h4 b1Q 56. c7 Qg1+ 57. Kh3 Qf1+ 58. Kg4 Bxc7 59. h5 Qf4+ 0-1

[Event "Llinars del Valles op-B 8th"]
[Site "Llinars del Valles"]
[Date "2014.06.14"]
[Round "7"]
[White "Salleras Mercader, Josep M"]
[Black "Oliana Rectoret, Pere"]
[Result "1/2-1/2"]
[WhiteElo "1902"]
[BlackElo "1822"]
[PlyCount "70"]
[EventDate "2014.04.26"]
[EventType "swiss"]
[EventRounds "8"]
[EventCountry "ESP"]
[SourceTitle "EXT 2015"]
[Source "ChessBase"]
[SourceDate "2014.11.20"]
[SourceVersion "1"]
[SourceVersionDate "2014.11.20"]
[SourceQuality "1"]

1. e4 d5 2. exd5 Qxd5 3. Nc3 Qa5 4. Bc4 Nf6 5. d3 c6 6. Bd2 Qc7 7. Nge2 Bf5 8. Ng3 Bg6 9. Qf3 e6 10. Bf4 Bd6 11. Bxd6 Qxd6 12. 0-0-0 Nbd7 13. Nge4 Qc7 14. Nxf6+ Nxf6 15. Ne4 Nd7 16. Qe3 0-0-0 17. Qxa7 Qb8 18. Qa5 Bxe4 19. dxe4 Qf4+ 20. Kb1 Qxe4 21. Bd3 Qd5 22. Qa8+ Kc7 23. Qa4 Nb6 24. Qf4+ e5 25. Qe4 Qe6 26. Rhe1 f6 27. f4 Nd7 28. Bc4 Qe7 29. f5 Nc5 30. Qe3 Rhe8 31. b4 Nd7 32. Qb3 Nb6 33. Be6 Rxd1+ 34. Rxd1 Rd8 35. Rxd8 Qxd8 1/2-1/2

[Event "Llinars del Valles op-B 8th"]
[Site "Llinars del Valles"]
[Date "2014.05.10"]
[Round "3"]
[White "Salleras Mercader, Josep M"]
[Black "Panella Gene, Jesus"]
[Result "1/2-1/2"]
[WhiteElo "1902"]
[BlackElo "1778"]
[PlyCount "54"]
[EventDate "2014.04.26"]
[EventType "swiss"]
[EventRounds "8"]
[EventCountry "ESP"]
[SourceTitle "EXT 2015"]
[Source "ChessBase"]
[SourceDate "2014.11.20"]
[SourceVersion "1"]
[SourceVersionDate "2014.11.20"]
[SourceQuality "1"]

1. e4 e5 2. Nf3 Nc6 3. Bb5 d6 4. d4 exd4 5. Nxd4 Bd7 6. Bxc6 Bxc6 7. 0-0 Nf6 8. Nc3 Be7 9. Nf5 0-0 10. Bg5 Bd7 11. Qf3 Bxf5 12. Qxf5 g6 13. Qf4 Nh5 14. Bxe7 Qxe7 15. Nd5 Nxf4 16. Nxe7+ Kg7 17. g3 Rfe8 18. gxf4 Rxe7 19. Rfe1 Rae8 20. Re3 f5 21. exf5 Rxe3 22. fxe3 Rxe3 23. fxg6 hxg6 24. Kf2 Re7 25. Rd1 Kf6 26. Rd5 Re4 27. Kf3 Rc4 1/2-1/2

[Event "Llinars del Valles op-B 6th"]
[Site "Llinars del Valles"]
[Date "2012.05.19"]
[Round "6"]
[White "Carbajal Vasquez, Roberto Carlo"]
[Black "Salleras Mercader, Josep M"]
[Result "1/2-1/2"]
[WhiteElo "1591"]
[BlackElo "1462"]
[PlyCount "106"]
[EventDate "2012.04.14"]
[EventType "swiss"]
[EventRounds "9"]
[EventCountry "ESP"]
[SourceTitle "EXT 2013"]
[Source "ChessBase"]
[SourceDate "2012.11.22"]
[SourceVersion "1"]
[SourceVersionDate "2012.11.22"]
[SourceQuality "1"]

1. e4 e5 2. Nf3 Nc6 3. Bb5 a6 4. Bxc6 dxc6 5. d3 Bd6 6. 0-0 Nf6 7. Bg5 0-0 8. Re1 Bg4 9. d4 Bxf3 10. Qxf3 Re8 11. dxe5 Bxe5 12. Bxf6 Qxf6 13. Qxf6 Bxf6 14. c3 Rad8 15. Na3 Rd2 16. Nc4 Rc2 17. Rab1 b6 18. f3 b5 19. Ne3 Rd2 20. Ng4 Be7 21. Red1 Bc5+ 22. Kf1 Red8 23. Ke1 Rxd1+ 24. Rxd1 Rxd1+ 25. Kxd1 Bg1 26. h3 c5 27. Ne5 Bh2 28. Nd7 c4 29. Ke2 Bf4 30. Nc5 a5 31. b3 cxb3 32. axb3 Kf8 33. Kd3 Ke7 34. c4 c6 35. cxb5 cxb5 36. Nb7 a4 37. bxa4 bxa4 38. Kc2 a3 39. Kb1 f6 40. Ka2 Bc1 41. Na5 Ke6 42. Nc4 g5 43. Nxa3 Bxa3 44. Kxa3 Ke5 45. Kb4 Kf4 46. Kc4 Kg3 47. Kd4 Kxg2 48. Ke3 Kxh3 49. f4 gxf4+ 50. Kxf4 h5 51. Kf5 h4 52. Kxf6 Kg4 53. e5 h3 1/2-1/2